Nerf N-Strike Elite Blasters - Statistics

General Stats
  • This quiz has been taken 52 times
  • The average score is 11 of 40
Answer Stats
Year Released Name % Correct
2012 Retaliator
69%
2013 Strongarm
62%
2015 Jolt
59%
2013 Stryfe
55%
2017 Disruptor
48%
2012 Hail-Fire
41%
2014 Rhino-Fire
41%
2016 HyperFire
38%
2012 Rampage
38%
2019 Rampage
38%
2013 Firestrike
34%
2018 Infinus
34%
2018 Delta Trooper
28%
2015 CrossBolt
24%
2020 ShellStrike DS-6
24%
2012 Stockade
24%
2016 StratoBow
24%
2019 Titan CS-50
24%
2016 Dual-Strike
21%
2016 PocketStrike
21%
2013 RapidStrike CS-18
21%
2013 Rayven CS-18
21%
2016 SnapFire
21%
2018 SurgeFire
21%
2019 Trilogy DS-15
21%
2013 Alpha Trooper CS-12
17%
2014 Demolisher 2-in-1
17%
2016 SharpFire
17%
2013 Spectre REV-5
17%
2015 SplitStrike
17%
2018 Surestrike
17%
2016 BowStrike
14%
2014 Cam ECS-12
14%
2019 Recon CQ-12
14%
2018 Stryfe CQ-10
14%
2013 Triad EX-3
14%
2018 NanoFire
10%
2013 Rayven Stinger
10%
2018 Scout MKII
10%
2019 Rukkus CS-8
7%
No matching quizzes found
Score Distribution
Percent of People with Each Score
Percentile by Number Answered
Your Score History
You have not taken this quiz